000 00811nam a22002177a 4500
005 20240530110552.0
008 160725s2014 ua f b 000 0 ara d
017 _a2013/20169
_bمصر . دار الكتب المصرية
020 _a9789774114894
040 _aEG-CaGPL
082 0 4 _221
_a302\
_bا ت
100 0 _aالسيد على شتا
245 1 2 _aالتفاعل الاجتماعى و المنظور الظاهرى /
_cالسيد على شتا
250 _aط. 1
260 _aالقاهرة :
_bالمكتبة المصرية للنشر و التوزيع ،
_c2014 .
300 _a294 ص. ؛
_c24 سم .
504 _aيشتمل على ارجاعات ببليوجرافية
650 0 4 _aالتفاعل الاجتماعى
650 0 4 _aالعلاقات الاجتماعية
942 _2ddc
_cBK
999 _c62483
_d62483